Text book of concrete technology

Enregistré dans:
Détails bibliographiques
Auteurs principaux: Kulkarni, P.D (Auteur), Ghosh, R.K (Auteur), Phull, Y.R (Auteur)
Format: Livre
Langue:anglais
Publié: New Delhi : New Age International(P)Ltd., 1998
Édition:2.vyd.
Tags: Ajouter un tag
Pas de tags, Soyez le premier à ajouter un tag!

MARC

LEADER 00000nam a22000003a 4500
001 stu147993
005 20240130135448.1
008 071030s1998----ii------------------eng-d
020 |a 81-224-1135-5 
040 |a STU  |b slo 
041 0 |a eng 
044 |a ii 
080 |a 666.972.017  |7 stu_us_auth*stu3576 
080 |a 620.1 
100 1 |a Kulkarni, P.D.  |4 aut 
245 1 |a Text book of concrete technology 
250 |a 2.vyd. 
260 |a New Delhi :  |b New Age International(P)Ltd.,  |c 1998 
300 |a 320 s 
700 1 |a Ghosh, R.K.  |4 aut 
700 1 |a Phull, Y.R.  |4 aut 
996 |b 284V018218  |c V*49487/O-21867  |l VVS  |s A  |a 24  |w stu147993_0001 
996 |b 284V040433  |c V* 52518/O-23675  |l VVS  |s A  |a 24  |w stu147993_0002